LEADER 01205nam0 22002891i 450 001 RML0257245 005 20231121125716.0 010 $a8814035113 100 $a20121121d1992 ||||0itac50 ba 101 | $aita 102 $ait 181 1$6z01$ai $bxxxe 182 1$6z01$an 200 1 $a˜L'œassicurazione obbligatoria contro gli infortuni sul lavoro e le malattie professionali$eDiritto e procedura$fFausto De Compandri e Piero Gualtierotti 210 $aMilano $cGiuffrè $d©1992 215 $a1037 p.$d22 cm 606 $aDiritto civile$2FIR$3RMLC064440$9I 700 1$aDe Compadri$b, Fausto$3RMLV165392$0111411 701 1$aGUALTIEROTTI$b, Piero$3RMLV149925$0240791 801 3$aIT$bIT-01$c20121121 850 $aIT-FR0098 899 $aBiblioteca Area Giuridico Economica$bFR0098 912 $aRML0257245 950 0$aBiblioteca Area Giuridico Economica$d 53DSG GIU01/PC062.2$e 53VM 0000281895 VM barcode:BAGE014772. - Inventario:9661. - Fondo:Sala consultazioneVM$fA $h20010423$i20121204 977 $a 53 996 $aAssicurazione obbligatoria contro gli infortuni sul lavoro e le malattie professionali$9511080 997 $aUNICAS